| 000 | 00628cam a22001937a 4500 | ||
|---|---|---|---|
| 008 | 180718b2003 xxu||||| |||| 00| 0 eng d | ||
| 020 | _a8190179934 | ||
| 082 | _aB253x54 P273e | ||
| 245 |
_aEmpowerment and social governance _cby Rashmi Pathak |
||
| 260 |
_aDelhi _bIsha _c2003 |
||
| 300 | _a285p. | ||
| 650 | _aIndia --Social conditions | ||
| 650 | _aEducation and state --India | ||
| 650 | _aWomen in development --Government policy --India | ||
| 650 | _aTribes --Government policy --India | ||
| 650 | _aDalits --Government policy --India | ||
| 650 | _aDalits --India --Social conditions | ||
| 650 | _aDemocracy --India | ||
| 999 |
_c443187 _d443187 |
||